000 01168nam a2200253 a 4500
001 18787
003 BD-RjUL
005 20211209000332.0
008 180801r18991898enk 000 0 eng
035 _a(BD-RjUL)18845
040 _aDLC
_cGU
_dDLC
_dBD-RjUL
_beng
041 _aeng
082 _223
_a001.2
_bCAU 1899
100 1 _aCaird, John,
_d1820-1898.
_9222047
245 1 0 _aUniversity addresses:
_bbeing addresses on subjects of academic study, delivered to the University of Glasgow /
_cby John Caird.
250 _a1st ed.
260 _aGlasgow,
_bJ. MacLehose,
_c1898 [Reprinted 1899 ]
300 _ax, 383 p.
_c22 cm.
500 _aPreface signed: Edward Caird.
505 0 _aThe unity of the sciences.--The progressiveness of the sciences.--Erasmus.--Galileo.--The scientific character of Bacon.--David Hume.--Bishop Butler and his theology.--The study of history.--The science of history.--The study of art.--The progressiveness of art.--The art of public speaking.--The personal element in teaching.--General and professional education.
650 0 _aLearning and scholarship.
_9222048
650 0 _aProfessional education.
_9222049
942 _2ddc
_cRAR
999 _c18787
_d18787